[Event "TUR Cup"]
[Site "Denizli"]
[Date "2023.07.17"]
[Round "3"]
[White "Aydin, Asiye Gul"]
[Black "Tastekin, Sevval Sena"]
[Result "1/2-1/2"]
[WhiteElo "1402"]
[BlackElo "1254"]
[PlyCount "101"]
[EventDate "2023.07.16"]
[EventType "team-tourn"]
[EventRounds "9"]
[EventCountry "TUR"]
[SourceTitle "CBM 215 Extra"]
[Source "ChessBase"]
[SourceDate "2023.09.30"]
[SourceVersion "1"]
[SourceVersionDate "2023.09.30"]
[SourceQuality "1"]

1. d4 d5 2. c4 e6 3. Nf3 Nf6 4. Nbd2 a6 5. e3 c5 6. a4 Nc6 7. dxc5 Bxc5 8. Nb3 Bb6 9. cxd5 exd5 10. Nbd4 0-0 11. h3 Ne4 12. Be2 Qf6 13. 0-0 Ne5 14. Nxe5 Qxe5 15. f4 Qd6 16. Rf3 Rd8 17. Bd2 Bxd4 18. exd4 Nxd2 19. Qxd2 Bf5 20. g4 Be4 21. Rg3 Qb6 22. a5 Qd6 23. Rb3 Qe7 24. Re1 Re8 25. Bf3 Qc7 26. Bxe4 Rxe4 27. Rxe4 dxe4 28. Rb6 Re8 29. Qe3 Re7 30. d5 Qc2 31. Qc3 Qd1+ 32. Kg2 h6 33. d6 Re8 34. Rxb7 Qxd6 35. Qe3 Qc6 36. Rb6 Qc4 37. b3 Qc2+ 38. Kg3 Rd8 39. Kh4 Rd3 40. Rb8+ Kh7 41. Qxe4+ g6 42. Qe1 Rxb3 43. Rxb3 Qxb3 44. Qe2 Qb4 45. Qe5 Qd2 46. Kg3 Qd3+ 47. Kg2 Qc2+ 48. Kf3 Qd3+ 49. Kg2 Qc2+ 50. Kf3 Qd3+ 51. Kg2 1/2-1/2

[Event "TUR-chT 2nd League"]
[Site "Konya"]
[Date "2019.07.25"]
[Round "6.13"]
[White "Aydin, Asiye Gul"]
[Black "Keskinler, Ela"]
[Result "0-1"]
[WhiteElo "1271"]
[BlackElo "1221"]
[PlyCount "114"]
[EventDate "2019.07.22"]
[EventType "team-swiss"]
[EventRounds "9"]
[EventCountry "TUR"]
[SourceTitle "CBM 191 Extra"]
[Source "ChessBase"]
[SourceDate "2019.09.30"]
[SourceVersion "1"]
[SourceVersionDate "2019.09.30"]
[SourceQuality "1"]
[WhiteTeam "Seviye Dernegi"]
[BlackTeam "Cesme Belediye"]
[WhiteTeamCountry "TUR"]
[BlackTeamCountry "TUR"]

1. d4 d5 2. Nf3 Nf6 3. g3 Bf5 4. Bg2 e6 5. Bf4 Be7 6. 0-0 0-0 7. Nbd2 Nbd7 8. Bg5 h6 9. Bxf6 Nxf6 10. c4 c6 11. a3 Re8 12. b4 a5 13. Qb3 a4 14. Qb2 Ne4 15. c5 b6 16. Ne5 Rc8 17. Nxe4 Bxe4 18. Bxe4 dxe4 19. cxb6 Qxb6 20. Nd7 Qb5 21. Nc5 Bxc5 22. dxc5 Red8 23. Rfd1 Rd5 24. Qc2 Rcd8 25. Kf1 f5 26. Ke1 Kf7 27. g4 g6 28. Rxd5 exd5 29. Qd2 Kg7 30. Qd4+ Kf7 31. gxf5 gxf5 32. Qe5 Re8 33. Qxf5+ Ke7 34. Qh7+ Kd8 35. Qxh6 Kc8 36. h4 Qb7 37. Qg6 Qd7 38. Kd2 d4 39. Rd1 Re6 40. Qg8+ Kb7 41. Kc1 Rf6 42. Qc4 Rxf2 43. Qxd4 Qxd4 44. Rxd4 Rxe2 45. Rd2 Re1+ 46. Rd1 Re3 47. h5 Rh3 48. Re1 Rxa3 49. Rxe4 Rh3 50. Kb2 Ka6 51. Re8 Kb5 52. Rb8+ Kc4 53. Rb6 Rxh5 54. Ka3 Rh3+ 55. Kxa4 Rb3 56. Rxc6 Rxb4+ 57. Ka5 Rb5+ 0-1

[Event "TUR-chT 2nd League"]
[Site "Konya"]
[Date "2018.07.22"]
[Round "9.13"]
[White "Ataer, Melisa"]
[Black "Aydin, Asiye Gul"]
[Result "1/2-1/2"]
[WhiteElo "1200"]
[BlackElo "1300"]
[PlyCount "67"]
[EventDate "2018.07.16"]
[EventType "team-swiss"]
[EventRounds "9"]
[EventCountry "TUR"]
[SourceTitle "EXT 2019"]
[Source "ChessBase"]
[SourceDate "2018.10.10"]
[SourceVersion "1"]
[SourceVersionDate "2018.10.10"]
[SourceQuality "1"]
[WhiteTeam "Istanbul Sisli"]
[BlackTeam "Seviye Dernegi"]
[WhiteTeamCountry "TUR"]
[BlackTeamCountry "TUR"]

1. e4 e5 2. Nf3 Nc6 3. d4 exd4 4. Bc4 h6 5. Nxd4 Bc5 6. Nxc6 bxc6 7. Nc3 Ne7 8. 0-0 0-0 9. Qf3 Ng6 10. Qh5 Qf6 11. Qxc5 Ne5 12. f4 d6 13. fxe5 Qxf1+ 14. Kxf1 dxc5 15. Na4 Be6 16. b3 Bxc4+ 17. bxc4 Rad8 18. c3 Rd3 19. Ke2 Rfd8 20. Be3 a5 21. Rc1 R3d7 22. Nxc5 Re7 23. Bf4 Rb8 24. Rc2 Ra8 25. Rb2 Kf8 26. Rb7 Ke8 27. h4 a4 28. Kf3 Kf8 29. Kg4 Ra5 30. Rb8+ Re8 31. Nd7+ Ke7 32. Rxe8+ Kxe8 33. Nb8 Rc5 34. Kf3 1/2-1/2

[Event "TUR-chT 2nd League"]
[Site "Konya"]
[Date "2018.07.19"]
[Round "6.16"]
[White "Keskinler, Ela"]
[Black "Aydin, Asiye Gul"]
[Result "1-0"]
[WhiteElo "1316"]
[BlackElo "1300"]
[PlyCount "147"]
[EventDate "2018.07.16"]
[EventType "team-swiss"]
[EventRounds "9"]
[EventCountry "TUR"]
[SourceTitle "EXT 2019"]
[Source "ChessBase"]
[SourceDate "2018.10.10"]
[SourceVersion "1"]
[SourceVersionDate "2018.10.10"]
[SourceQuality "1"]
[WhiteTeam "Cesme Belediye"]
[BlackTeam "Seviye Dernegi"]
[WhiteTeamCountry "TUR"]
[BlackTeamCountry "TUR"]

1. e4 e5 2. Nc3 a6 3. g3 g6 4. Bg2 Bg7 5. Nge2 d6 6. d3 Nc6 7. h3 Nge7 8. 0-0 Bd7 9. Be3 Qc8 10. Kh2 f5 11. f4 0-0 12. Qd2 Be6 13. Rad1 Nd4 14. fxe5 dxe5 15. Rc1 c5 16. Bh6 Rb8 17. Bxg7 Kxg7 18. Nd5 Qd7 19. Qe3 Nec6 20. c3 Nxe2 21. Qxe2 Rbd8 22. Qe3 Qd6 23. Rc2 Bxd5 24. exd5 Ne7 25. Re2 Nxd5 26. Qxe5+ Kg8 27. Rd1 b5 28. d4 c4 29. Bxd5+ Qxd5 30. Qxd5+ Rxd5 31. Re6 a5 32. Rde1 Rf7 33. R1e5 Rfd7 34. Kg2 Kf7 35. Kf3 b4 36. Kf4 a4 37. Rb6 Rxe5 38. Kxe5 b3 39. axb3 cxb3 40. Ra6 Re7+ 41. Kd5 Re3 42. Rxa4 Rxg3 43. Ra7+ Kf6 44. Rxh7 Rg2 45. Rb7 Rxb2 46. c4 f4 47. Ke4 g5 48. c5 Re2+ 49. Kf3 Re3+ 50. Kf2 Rxh3 51. d5 b2 52. c6 Rh1 53. c7 Rh2+ 54. Ke1 Rc2 55. d6 Ke6 56. Rxb2 Rc6 57. Rd2 f3 58. Kf2 Kd7 59. Kxf3 Rc4 60. Ke3 Rc6 61. Rd3 g4 62. Kf4 Rc4+ 63. Kg3 Rc6 64. Kxg4 Rc5 65. Rd4 Re5 66. Rc4 Re8 67. Kf5 Rf8+ 68. Ke5 Re8+ 69. Kd5 Kc8 70. Kc6 Re7 71. Kb6 Rd7 72. Kc5 Rf7 73. Rd4 Rd7 74. Re4 1-0

[Event "TUR-chT2"]
[Site "Konya"]
[Date "2017.07.14"]
[Round "8.17"]
[White "Ozdemir, Burak Kaan"]
[Black "Aydin, Asiye Gul"]
[Result "0-1"]
[WhiteElo "1368"]
[BlackElo "1282"]
[PlyCount "91"]
[EventDate "2017.07.09"]
[EventType "team-swiss"]
[EventRounds "9"]
[EventCountry "TUR"]
[SourceTitle "CBM 179 Extra"]
[Source "ChessBase"]
[SourceDate "2017.08.23"]
[SourceVersion "1"]
[SourceVersionDate "2017.08.23"]
[SourceQuality "1"]
[WhiteTeam "Ataturk Univ"]
[BlackTeam "Genclik VE"]
[WhiteTeamCountry "TUR"]
[BlackTeamCountry "TUR"]

1. e4 e5 2. Nf3 Nc6 3. Bc4 Nf6 4. Nc3 h6 5. d4 exd4 6. Nxd4 Bb4 7. Nxc6 bxc6 8. e5 Ne4 9. Qf3 d5 10. exd6 Nxd6 11. Bf4 0-0 12. 0-0-0 Bb7 13. a3 Bxc3 14. Qxc3 Qb8 15. Rhe1 Bc8 16. Re7 a5 17. Rxc7 Nxc4 18. Qxc4 Qb6 19. Qxc6 Qxf2 20. Qf3 Qxf3 21. gxf3 f6 22. Re1 g5 23. Ree7 Bf5 24. Bd6 Rfc8 25. Rg7+ Kh8 26. c3 Rxc7 27. Rxc7 Be6 28. c4 Rc8 29. Rxc8+ Bxc8 30. b4 axb4 31. axb4 Kg8 32. c5 Kf7 33. b5 Ke6 34. Kc2 f5 35. Kd3 Bb7 36. Bf8 h5 37. c6 Ba8 38. c7 Kd7 39. Bd6 Bxf3 40. b6 Bb7 41. Bg3 f4 42. Bf2 h4 43. Kd2 h3 44. Ke2 g4 45. Kf1 g3 46. hxg3 0-1